Notizie dal mio scrittoio /

Uloženo v:
Podrobná bibliografie
Hlavní autor: Franzoni, Mauro (Autor)
Další autoři: Daddi, Salvatore
Médium: Kniha
Jazyk:italština
Vydáno: [S.l. : S. n. ], 1997
Tagy: Přidat tag
Žádné tagy, Buďte první, kdo vytvoří štítek k tomuto záznamu!

MARC

LEADER 00000nam a22000007i 4500
001 IT\ICCU\UBO\2293205
003 ItRI
005 20260115232325.0
008 030916s1997 it |||||| ||||| |||||c
040 |b ita  |c importazione bologna sebina 
041 7 |a ita  |2 ISO-639-2 
100 1 |a Franzoni, Mauro  |0 IT\ICCU\CFIV\136759  |4 aut 
240 1 0 |a Notizie dal mio scrittoio  |3 IT\ICCU\UBO\4493391  |9 Franzoni, Mauro 
245 1 0 |a Notizie dal mio scrittoio /  |c Mauro Franzoni ; con disegni di Salvatore Daddi. 
260 |a [S.l. :  |b S. n. ],  |c 1997 
300 |a 67 p. :  |b ill. ;  |c 19 cm. 
700 1 |a Daddi, Salvatore  |0 IT\ICCU\UBOV\748258 
942 |2 ddc  |c BK  |n 0 
952 |0 0  |1 0  |4 0  |6 DOC_851_910000000000000_FRA  |7 0  |9 24193  |a BO  |b BO  |d 2026-01-15  |i 19894  |l 0  |o DOC 851.91 FRA  |p BO19894  |r 2026-01-15 23:23:25  |w 2026-01-15  |x [Sebina 5] [1 v.]  |y BK  |z 1 v. 
999 |c 20596  |d 20596